Länder die mit O enden - Statistiken

Allgemein
  • Dieses Quiz wurde 451 mal gespielt
  • Das Durchschnittsergebnis liegt bei 8 aus 12
Antwortstatistiken
Antwort % Korrekt
Togo
82%
Lesotho
77%
DemokratischeRepublik Kongo
75%
Kongo
74%
Monaco
72%
Mexiko
70%
Kosovo
69%
Marokko
67%
Montenegro
58%
San Marino
56%
Burkina Faso
55%
Trinidad undTobago
52%
Keine übereinstimmenden Quizze gefunden
Verteilung der Resultate
Anzahl Personen mit jedem Resultat
Perzentil nach korrekt beantworteten Fragen
Ihre Resultats-Entwicklung
Sie haben dieses Quiz noch nicht gespielt